Common Elements 2 - Statistics

General Stats
  • This quiz has been taken 35 times
  • The average score is 19 of 22
Answer Stats
Hint Answer % Correct
Au Gold
100%
H Hydrogen
100%
He Helium
94%
Ir Iridium
94%
Fe Iron
94%
Kr Krypton
94%
Li Lithium
94%
Mg Magnesium
94%
Ni Nickel
94%
O Oxygen
94%
F Fluorine
89%
Ge Germanium
89%
I Iodine
89%
Pb Lead
89%
Mn Manganese
89%
N Nitrogen
89%
Fr Francium
83%
Ne Neon
83%
Hg Mercury
78%
La Lanthanum
56%
Og Oganesson
56%
Nd Neodymium
50%
No matching quizzes found
Score Distribution
Percent of People with Each Score
Percentile by Number Answered
Your Score History
You have not taken this quiz